| 000 | 00662nam a22002297a 4500 | ||
|---|---|---|---|
| 008 | 240620b mp ||||| |||| 00| 0 mon d | ||
| 020 | _a978-99929-4-715-2 | ||
| 035 | _a7032 | ||
| 040 |
_aUM0146080 _bmon _cMN-UlNLM _dMN-UlNLM _erda |
||
| 041 | _amon | ||
| 042 | _a14469 | ||
| 084 |
_2NNA _a84/4Ита/ _bК61 |
||
| 100 | _aКоллоди К | ||
| 245 | 0 | _aПиноккио модон хүүгийн үлгэр | |
| 264 |
_aУлаанбаатар _bХөх дэвтэр ХГ _c2010 |
||
| 300 | _a190х. | ||
| 336 |
_2rdacontent _atext _btxt |
||
| 337 |
_2rdamedia _aunmediated _bn |
||
| 338 |
_2rdacarrier _avolume _bnc |
||
| 490 | _v47 | ||
| 942 |
_2NNA _cBK |
||
| 999 |
_c1010932 _d1010989 |
||